000 00555nam a2200205Ia 4500
005 20250923144423.0
008 008 250917s9999 xx 000 0 eng d
037 _aTextual
040 _aDSWL
_beng
_cDSWL
041 _aeng
_2eng
084 _aY1:1:7, J11
_qDSWL
100 _aRussell, Bertrand
_9824725
245 0 _aNew hopes for achanging world
_cby Bertrand Russell
260 _aLondon
_c1951
300 _a218 p.
365 _aINR
_b9.6
925 _g9.6
942 _cTEXL
_hY1:1:7, J11
999 _c1438620
_d1438620